Home and building maintenance /

Bibliographic Details
Main Author: Woodin, James C.
Other Authors: Hayes, Louis E.
Format: Book
Language:English
Published: Bloomington, Ill. : McKnight & McKnight, [1969]
Subjects:

MARC

Tag First Indicator Second Indicator Subfields
LEADER 00000cam a2200000 4500
001 in00000095372
005 20150927150105.0
008 690402s1969 ilua b 00110 eng
010 |a  67021723  
035 |a (OCoLC)00000209 
035 |9 AAL7255AM 
040 |a DLC  |c DLC  |d TXA  |d UtOrBLW 
049 |a TXAM  |c [637425] 
050 0 0 |a TT151  |b .W65 
082 0 |a 643 
100 1 |a Woodin, James C. 
245 1 0 |a Home and building maintenance /  |c [by] James C. Woodin [and] Louis E. Hayes. 
264 1 |a Bloomington, Ill. :  |b McKnight & McKnight,  |c [1969] 
300 |a 274 pages :  |b illustrations (part color) ;  |c 27 cm. 
336 |a text  |b txt  |2 rdacontent 
337 |a unmediated  |b n  |2 rdamedia 
338 |a volume  |b nc  |2 rdacarrier 
504 |a Includes bibliographies. 
650 0 |a Repairing  |v Amateurs' manuals. 
700 1 |a Hayes, Louis E. 
999 |a MARS 
999 f f |s 8d436c6c-714a-3440-bddd-bb18a1add354  |i d45c34db-0ccb-3bc4-a65c-1205873a4f17  |t 0 
952 f f |p normal  |a Texas A&M University  |b College Station  |c Sterling C. Evans Library  |d Evans: Library Stacks  |t 0  |e TT151 .W65  |h Library of Congress classification  |i unmediated -- volume  |m A14805655954 
998 f f |a TT151 .W65  |t 0  |l Evans: Library Stacks